| 000 | 00474nam a22001937a 4500 | ||
|---|---|---|---|
| 003 | MPLRDC | ||
| 005 | 20220104142910.0 | ||
| 008 | 210129b ||||| |||| 00| 0 eng d | ||
| 020 | _a7-110-00508-9 | ||
| 082 | _a177.5 LTS | ||
| 100 | _a镰田胜著; 李则文等译 | ||
| 245 |
_a怎样提高领导艺术 _c |
||
| 250 | _a一版一刷 | ||
| 260 |
_a _b科学普及出版社 _c1988 |
||
| 300 | _b平 | ||
| 490 | _a效率译丛 | ||
| 650 | _a | ||
| 942 |
_cBK _o177.5 LTS |
||
| 999 |
_c34669 _d34659 |
||